Vvedenie v sravnitelʹnoe izuchenie indoevropeĭskikh i︠a︡zykov /

Bibliographic Details
Main Author: Meillet, A. (Antoine), 1866-1936
Format: Book
Language:Russian
Published: Moskva : Gos. sot︠s︡ialʹno-ėkonomicheskoe izd-vo, 1938.
Subjects:

MARC

Tag First Indicator Second Indicator Subfields
LEADER 00000cam a2200000Ii 4500
001 in00001664539
005 20151024121546.0
008 791114s1938 ru b 001 0 rusrd
035 |a (OCoLC)ocm05695802 
040 |a CLU  |c CLU  |d OCL  |d TXA  |d UtOrBLW 
041 1 |a rus  |h fre 
049 |a TXAM 
090 |a P561  |b .M47iR 
100 1 |a Meillet, A.  |q (Antoine),  |d 1866-1936. 
245 1 0 |a Vvedenie v sravnitelʹnoe izuchenie indoevropeĭskikh i︠a︡zykov /  |c A. Meĭe ; perevod D. Kudri︠a︡vskogo. 
264 1 |a Moskva :  |b Gos. sot︠s︡ialʹno-ėkonomicheskoe izd-vo,  |c 1938. 
300 |a 508 pages ;  |c 23 cm. 
336 |a text  |b txt  |2 rdacontent 
337 |a unmediated  |b n  |2 rdamedia 
338 |a volume  |b nc  |2 rdacarrier 
500 |a Added title page: A. Meillet. Introduction à l'étude comparative des langues indoeuropéennes. 
500 |a "Pererab. i dop. po 7 frant︠s︡uzskomu izdanii︠u︡ A. Sukhotinym." 
500 |a "Vstup. statʹi︠a︡ M. Sergievskogo." 
500 |a Errata slip inserted. 
504 |a Includes bibliographical references and index. 
536 |a From the Library of Professor Horace G. Lunt October 2000. 
650 0 |a Indo-European languages  |x Grammar, Comparative. 
650 0 |a Indo-European philology  |v Bibliography. 
994 |a E0  |b TXA 
948 |a cataloged  |b h  |c 2002/3/6  |d c  |e tchubaryan  |f 12:09:28 pm 
999 |a MARS 
999 f f |s c434ad21-91d0-3fc8-885c-e299e26b06f7  |i 94224580-d98b-35b9-832c-b9ba222741b3  |t 0 
952 f f |p ric  |a Texas A&M University  |b Rellis Campus  |c Joint Library Facility  |d Remote Storage  |t 0  |e P561 .M47  |h Library of Congress classification  |i unmediated -- volume  |m A14828693125 
998 f f |a P561 .M47  |t 0  |l Remote Storage